Vedecko-technická spolupráca ČSSR s členskými krajinami RVHP v oblasti rototechniky a jej prepojenie na proces špecializácie a kooperácie výroby záverečná práca postgraduálneho štúdia
Gespeichert in:
| 1. Verfasser: | |
|---|---|
| Körperschaft: | |
| Weitere Verfasser: | |
| Format: | Buch |
| Sprache: | Slowakisch |
| Veröffentlicht: |
Bratislava
1987
|
| Tags: |
Keine Tags, Fügen Sie das erste Tag hinzu!
|
MARC
| LEADER | 00000nam a2200000 4500 | ||
|---|---|---|---|
| 001 | c039440 | ||
| 005 | 20221219095400.8 | ||
| 041 | 0 | |a slo | |
| 044 | |a SK | ||
| 245 | 1 | 0 | |a Vedecko-technická spolupráca ČSSR s členskými krajinami RVHP v oblasti rototechniky a jej prepojenie na proces špecializácie a kooperácie výroby |b záverečná práca postgraduálneho štúdia |c Dušan Kováč ; Ved. práce Pavel Raček |
| 264 | 1 | |a Bratislava |c 1987 | |
| 300 | |a 48 s. | ||
| 100 | 1 | |a Kováč, Dušan | |
| 700 | 1 | |a Raček, Pavel | |
| 710 | 2 | |a Vysoká škola ekonomická v Bratislave | |